Jurisdição constitucional e a eficácia temporal da coisa julgada nas relações jurídico-tributárias de trato continuado / (Record no. 209)

MARC details
000 -LÍDER
Campo Fixo de Controle 00863cam a2200253 a 4500
001 - NÚMERO DE CONTROLE
Campo de Controle 209
003 - IDENTIFICAÇÃO DO NÚMERO DE CONTROLE
Campo de Controle BR-CuiBMT
005 - DATA E HORA DA ÚLTIMA ATUALIZAÇÃO
Campo de Controle 20231107222904.0
008 - DADOS FIXOS
Dados Fixos 230830s2022 mgb 00| 0 por d
020 ## - INTERNATIONAL STANDARD BOOK NUMBER
Nº do ISBN 9786555183214
040 ## - AGÊNCIA CATALOGADORA
Código da Agência Catalogadora BR-CuiBMT
Agência que transcreveu o registro BR-CuiBMT
080 ## - Nº DA CLASSIFICAÇÃO DECIMAL UNIVERSAL
Nº edição CDU 2007
Nº Class. CDU 342
090 ## - NÚMERO DE CHAMADA
Nº classificação 342
Cutter S451j
100 1# - ENTRADA PRINCIPAL -- AUTOR PESSOAL
Nome pessoal Seefelder Filho, Claudio Xavier
245 10 - TÍTULO PRINCIPAL
Título principal Jurisdição constitucional e a eficácia temporal da coisa julgada nas relações jurídico-tributárias de trato continuado /
Indicação de responsabilidade Claudio Xavier Seefelder Filho ; prefácio: Fabrício da Soller.
260 ## - PUBLICAÇÃO, DISTRIBUIÇÃO, ETC.
Local de publicação Belo Horizonte :
Editora Fórum,
Data c2022.
300 ## - DESCRIÇÃO FÍSICA
N. páginas ou volumes 186 p. ;
Dimensões 22 cm
504 ## - NOTA DE BIBLIOGRAFIA, ETC.
Nota de bibliografia Inclui bibliografia.
590 ## - NOTA LOCAL
Nota local A biblioteca possui a 1. reimpr. 2022.
650 ## - ASSUNTO TÓPICO
Cabeçalho tópico ou nome geográfico Direito constitucional
650 ## - ASSUNTO TÓPICO
Cabeçalho tópico ou nome geográfico Direito processual civil
650 ## - ASSUNTO TÓPICO
Cabeçalho tópico ou nome geográfico Direito tributário
942 ## - ELEMENTOS DE ENTRADA ADICIONAIS (KOHA)
Fonte de classificação ou esquema de arquivamento Classificação Decimal Universal
Tipo de item do Koha Livros
Holdings
Estado: removido Estado: perdido Fonte de classificação ou esquema de arquivamento Estado: danificado Indisponível para empréstimo Localização permanente Localização atual Data de aquisição Total Checkouts Número de Chamada completo Código de barras Date last seen Número do exemplar Preço efetivo a partir de Tipo de item (Koha) Nota pública
    Classificação Decimal Universal     Biblioteca da Escola Superior de Contas do TCE/MT Biblioteca da Escola Superior de Contas do TCE/MT 28/06/2023   342 S451j BIBTCEMT23080188 30/08/2023 Ex. 1 30/08/2023 Livros 1. reimpr. 2022

Powered by Koha